The lord of the flies-Book Quiz - Statistics

General Stats
  • This quiz has been taken 96 times
  • The average score is 8 of 10
Answer Stats
Question Answer % Correct
In the opening chapter we are introduced to a chubby, smart boy in glasses. His name is? Piggy
98%
What tool or tools do the boys use to make fire? Piggy’s glasses
98%
In the beginning of the book Ralph's hold on the other boys was strong. Jack is slowly what? Becoming a more powerful figure.
93%
Whose responsibility is it to maintain the first signal fire? The Hunters
88%
When Piggy is killed, what else is destroyed? The conch shell
83%
Who is the first boy to disappear? A littlun
80%
What is Ralph’s first act upon being elected leader? Naming Jack the leader of the hunters
80%
In the same chapter Piggy finds a shell that can be used as what? Trumpet
65%
What powers does Jack ascribe to the beast after Simon’s murder? Immortality and the power to change shape
50%
In chapter 2 Ralph agrees that what will be required to survive? Hunters
25%
No matching quizzes found
Score Distribution
Percent of People with Each Score
Percentile by Number Answered
Your Score History
You have not taken this quiz